000 00675nam a2200241 a 4500
001 BRCA_5317
005 20190320205029.0
008 021210s1969----nyua######---#000-0#eng-#
020 _a486222411
041 _aeng
044 _anyu
050 4 _aAZ108
_b.L44 1969
100 1 _aLehner, Ernst
_913637
245 1 0 _aSymbols, signs & signets
_cby Ernst Lehner.
260 _aNueva York
_bDover
_c1969
300 _axi, 220 p.
_bil.
_c28 cm.
440 0 _aDover pictorial archive series
_91093
500 _aDonación Dr. Héctor Rivero Borrell Vázquez
504 _aBibliografía: p. 217-[221]
650 1 4 _aSignos y simbolos
_913360
902 _aDHR
942 _2lcc
_cB
999 _c5011
_d5011